| 000 | 00963nas a2200301 4500 | ||
|---|---|---|---|
| 001 | BR0902916 | ||
| 003 | BR-BrBNA | ||
| 005 | 20231205113428.0 | ||
| 007 | ta | ||
| 008 | 230509b bl.|||p| |||| 00| 00por d | ||
| 040 |
_aBR-BrBNA _bpor _cBiblioteca Nacional de Agricultura |
||
| 041 | _a(Pt) | ||
| 072 | _aF61 | ||
| 100 | 1 | _aLudwig, F. | |
| 100 | 1 | _aFernandes, D.M. | |
| 100 | 1 | _aMota, P.R. d'A. | |
| 100 | 1 | _aVillas Boas, R.L. | |
| 100 | 1 | _aLaschi, D. | |
| 245 | 1 | _aQualidade pós-produção de cultivares de gérbera de vaso fertirrigadas com soluções nutritivas | |
| 650 | _aGERBERA | ||
| 650 | _aFERTIRRIGAÇÃO | ||
| 650 | _aSOLUÇÃO NUTRITIVA | ||
| 650 | _aNUTRIÇÃO VEGETAL | ||
| 773 | 0 |
_tRevista Brasileira de Horticultura Ornamental (Brazil) _xISSN 1809-6093 _g(2009), v. 14(2) p. 213-220 _wBR0902916 |
|
| 856 | 4 | 0 | _uhttp://www.aprh.pt/rgci/pdf/rgci-155_Borges.pdf |
| 909 |
_a202311 _bLúcia _c55 _dLúcia Elande |
||
| 942 |
_2AGRIS _n0 _cANA |
||
| 999 |
_c203720 _d203720 |
||